Statistics for 太阳系行星

Click here to take the quiz!

General Stats

  • This quiz has been taken 1 151 times
  • The average score is 8 of 8

Answer Stats

星球% Correct
地球
100%
水星
99%
金星
99%
火星
99%
木星
99%
土星
98%
海王星
97%
天王星
96%

Score Distribution

Percentile by Number Answered

Percent of People with Each Score

Your Score History

You have not taken this quiz